| 000 | 02140nam a2200337Ia 4500 | ||
|---|---|---|---|
| 999 |
_c55176 _d55176 |
||
| 001 | 22251 | ||
| 003 | GE_BSU | ||
| 005 | 20230217174100.0 | ||
| 008 | 181216s2013||||ge |||||||||||||| ||geo|| | ||
| 020 | _a9789941437557 | ||
| 040 | _cGE_BSU | ||
| 041 | _ageo | ||
| 080 | _a81'374.822=14'01=353.1 გ-51 | ||
| 100 |
_aგიორგობიანი, თინათინ _93445 |
||
| 245 |
_aძველბერძნულ-ქართული ლექსიკონი = Old-Greek-Georgian dictionary / _cთინათინ გიორგობიანი ; რედაქტორები ქეთევან აბესაძე, მაგდა მჭედლიძე, თამარ კოშორიძე. |
||
| 250 | _aმე-3 შევსებული და შესწორებული გამოცემა | ||
| 264 |
_aთბილისი : _bლოგოსი, _c2013. |
||
| 300 |
_a611 გვ. ; _c29 სმ. |
||
| 490 | _aპროგრამა "ლოგოსი" | ||
| 500 | _aეძღვნება თინათინ და სიმონ ყაუხჩიშვილების ხსოვნას | ||
| 500 | _aდამატებითი სატიტულო გვერდი ბერძენაზე | ||
| 520 | _aეძღვნება თინათინ და სიმონ ყაუხჩიშვილების ხსოვნას. | ||
| 541 | _h20ლ. | ||
| 653 | _aლექსიკონი | ||
| 653 | _aძველბერძნულ-ქართული ლექსიკონი | ||
| 700 |
_aაბესაძე, ქეთევან _eრედაქტორი _93446 |
||
| 700 |
_aმჭედლიძე, მაგდა _eრედაქტორი _914037 |
||
| 700 |
_aკოშორიძე, თამარ _eრედაქტორი _916968 |
||
| 710 |
_aთსუ _bკლასიკური ფილოლოგიის, ბიზანტინისტიკისა და ნეოგრეცისტიკის ინსტიტუტი _916969 |
||
| 942 |
_cBK _2udc |
||